Život v Československu 1948-1989 /

Tato kniha vás seznámí se životem v Československu v období 19481989. Dozvíte se v ní nejen o jídle a zdravotní péči, ale také o oblíbených seriálech, filmech a písních, zámku spisovatelů a očistě knihoven od závadné literatury. Dočtete se o pronásledování církve, emigraci a ostříhání mániček. Zjist...

Celý popis

Uloženo v:
Hlavní autor: Kneblová, Hana (Autor)
Médium: Kniha
Jazyk:Czech
Vydáno: Praha : Euromedia Group, a. s. - Brána 2026
Vydání:Vydání první
Edice:Brána
Témata:
Celkem bylo vypůjčeno:0x
Tagy:
Žádné tagy
LEADER 01605nam a2200301 i 4500
001 106324
003 CZ PrSKC
005 20260512151333.0
008 260506s2026 xr ||| | cze
020 |a 9788028407155  |q (vázáno) :  |c Kč 599,00 
040 |a BNG001  |b cze  |e rda 
080 |a 94(437) 
100 1 |a Kneblová, Hana  |4 aut 
245 1 0 |a Život v Československu 1948-1989 /  |c autor Kneblová Hana 
250 |a Vydání první 
264 1 |a Praha :  |b Euromedia Group, a. s. - Brána  |c 2026 
300 |a 303 stran :  |b barevné ilustrace ;  |c 21 cm 
336 |a text  |b txt  |2 rdacontent 
337 |a bez média  |b n  |2 rdamedia 
338 |a svazek  |b nc  |2 rdacarrier 
490 0 |a Brána 
520 2 |a Tato kniha vás seznámí se životem v Československu v období 19481989. Dozvíte se v ní nejen o jídle a zdravotní péči, ale také o oblíbených seriálech, filmech a písních, zámku spisovatelů a očistě knihoven od závadné literatury. Dočtete se o pronásledování církve, emigraci a ostříhání mániček. Zjistíte, čím se zabývalo Hnutí Brontosaurus, jak probíhaly spartakiády a co byla modrá knížka. Vypátráte, co se dalo koupit v mléčných barech, jak vznikl legendární pochod PrahaPrčice a o které horolezecké expedici se říká, že byla prokletá. 
653 0 |a Českoslovenko  |a 1948-1989  |a česká literatura 
830 0 |a Brána 
910 |a UOG502 
942 |2 ddc  |c KN 
999 |d 106324 
993 |0 0  |1 421180107045  |2 ddc  |4 0  |6 316_000000000000000  |7 0  |9 99697  |b 0  |c 107045  |d 2026-05-12  |e 0  |f DOSP  |g 316  |h 599.00  |i Koupě  |l DOSP  |r 2026-05-13  |t 5  |w 2026-05-12  |y KN  |z NAUCNA  |n